000 00728nam a22002175i 4500
001 166934
003 ES-MaACL
005 20251015192345.0
008 990427s1890 sp |||| | spa d
040 _aCCPB | B
_bspa
_cCCPB | B
100 _aValle y Serrano, Antonio María del
_cMarqués de Villa-Huerta
_9224467
245 1 3 _aEl pro y el contra
_b: paradojas /
_cpor D. Antonio Mª del Valle y Serrano.
260 _aMadrid :
_b[s.n.],
_c1890 (
_fTipografía de los Huérfanos)
300 _a[2], 168 p. ;
_c22 cm.
596 1 _aMarca tip. en port.
597 1 _aAntep.
650 7 _aFilosofía
_2embne
_912802
752 _aEspaña -
_dMadrid
852 _aES-MaACL
_jG-12281
_z-- Enc. hol.
999 _c166934
_d166934